000 00873nac a22002771u 4500
003 EG-ScBUE
005 20221101110650.0
008 221101s2008 enka f 000 0 eng d
020 _a9780750685856 (pbk.) :
020 _a0750685859 (pbk.) :
040 _aEG-ScBUE
_beng
_erda
_cEG-ScBUE
_dEG-ScBUE
082 0 4 _a721.22
_bBIZ
_222
100 1 _aBizley, Graham,
_eauthor.
245 1 0 _aArchitecture in detail /
_cGraham Bizley.
250 _aFirst edition.
264 1 _aOxford :
_bArchitectural Press, Elsevier,
_c2008.
300 _aix, 179 pages :
_billustrations (some color) ;
_c28 cm
336 _2rdacontent
_atext
_btxt
337 _2rdamedia
_aunmediated
_bn
338 _2rdacarrier
_avolume
_bnc
650 7 _aArchitecture Details.
_2BUEsh
650 7 _aBuilding Details.
_2BUEsh
653 _bENGARC
655 _vReading book
942 _cBB
_2ddc
999 _c9111
_d9111